000 00437nam a22001697a 4500
003 UA-OsUOA
001 5306
007 ta
008 20050721b un ||||| |||| 00| 0 ukr d
100 _aМасленчук
700 _aЛ. В.
942 _cBK
040 _aUA-OsUOA
_cUA-OsUOA
_dUA-OsUOA
245 _aСемантико-прагматичні особ. один. мовлен. діяльн.
_bBA Paper
955 _a2
650 7 _2UDC
999 _c291468
_d291468